Arboricultura general

Uloženo v:
Podrobná bibliografie
Hlavní autor: Baldini, Enricó (Autor)
Médium: Kniha
Jazyk:španělština
Vydáno: Madrid Mundi-Prensa 1992
Témata:
Tagy: Přidat tag
Žádné tagy, Buďte první, kdo vytvoří štítek k tomuto záznamu!

MARC

LEADER 00000nam a2200000 a 4500
001 UCY2761
003 CL-VaPUC
005 20241023105642.0
008 941116e19920000SP |||||||||||||||||spa|d
999 |c 231084  |d 231082 
040 |c Pontificia Universidad Católica de Valparaíso 
082 0 4 |a 634.9  |b BAL  |2 21 
100 0 |a Baldini, Enricó  |e author  |9 330851 
245 1 0 |a Arboricultura general 
260 |a Madrid  |b Mundi-Prensa  |c 1992 
300 |a 379 p 
583 |a last modification  |c 19941116 00:00:00  |k Rodrigo Vera 
650 0 |a Arboricultura   |v Manuales   |9 330852 
650 0 |a Plantas arboreas   |9 881023 
650 0 |a Propagación de plantas  |9 339631 
942 |c BK  |2 ddc 
945 |d 19941116 00:00:00  |a mfernand 
952 |0 0  |1 0  |4 0  |6 634_900000000000000_BAL_1992  |7 0  |8 R  |9 233908  |a BIBAGR  |b BIBAGR  |d 2019-11-15  |i 3037533  |l 3  |o 634.9 BAL 1992  |p 3037533  |r 2025-01-20  |s 2022-08-31  |w 2019-11-15  |y BK_R  |k AGR 
952 |0 0  |1 0  |4 0  |6 634_900000000000000_BAL_1992  |7 0  |8 R  |9 233909  |a BIBAGR  |b BIBAGR  |d 2019-11-15  |i 3037541  |o 634.9 BAL 1992  |p 3037541  |r 2025-01-20  |w 2019-11-15  |y BK_R  |k AGR 
952 |0 0  |1 0  |4 0  |6 634_900000000000000_BAL_1992  |7 0  |8 R  |9 233910  |a BIBAGR  |b BIBAGR  |d 2019-11-15  |i 303755K  |o 634.9 BAL 1992  |p 303755K  |r 2025-01-20  |w 2019-11-15  |y BK_R  |k AGR 
952 |0 0  |1 0  |4 0  |6 634_900000000000000_BAL_1992  |7 0  |8 R  |9 233911  |a BIBAGR  |b BIBAGR  |d 2019-11-15  |i 347142K  |o 634.9 BAL 1992  |p 347142K  |r 2025-01-20  |w 2019-11-15  |y BK_R  |k AGR 
952 |0 0  |1 0  |4 0  |6 634_900000000000000_BAL_1992  |7 0  |8 R  |9 233912  |a BIBAGR  |b BIBAGR  |d 2019-11-15  |i 3471438  |o 634.9 BAL 1992  |p 3471438  |r 2025-01-20  |w 2019-11-15  |y BK_R  |k AGR 
952 |0 0  |1 0  |4 0  |6 634_900000000000000_BAL_1992  |7 0  |8 R  |9 233913  |a BIBAGR  |b BIBAGR  |d 2019-11-15  |i 3471446  |o 634.9 BAL 1992  |p 3471446  |r 2025-01-20  |w 2019-11-15  |y BK_R  |k AGR 
952 |0 0  |1 0  |2 ddc  |4 0  |6 634_900000000000000_BAL_1992  |7 0  |8 R  |9 233914  |a BIBAGR  |b BIBAGR  |d 2019-11-15  |i 3471454  |l 1  |o 634.9 BAL 1992  |p 3471454  |r 2025-01-20  |s 2021-11-08  |w 2019-11-15  |y BK_R  |k AGR 
952 |0 0  |1 0  |4 0  |6 634_900000000000000_BAL_1992  |7 0  |8 R  |9 233915  |a BIBAGR  |b BIBAGR  |d 2019-11-15  |i 3471462  |l 2  |o 634.9 BAL 1992  |p 3471462  |r 2025-01-20  |s 2021-11-15  |w 2019-11-15  |y BK_R  |k AGR